| 000 | 00783nam a2200277 i 4500 | ||
|---|---|---|---|
| 001 | C2-0335634 | ||
| 003 | PPAK | ||
| 005 | 20180728135000.0 | ||
| 008 | 160216s2007 my a|||| ||||| | may d | ||
| 020 | _a9789833419111 | ||
| 040 |
_aPPAK _beng _cPPAK _erda |
||
| 082 | 0 | 4 |
_a899.233 _223 |
| 090 | 0 | 0 |
_a899.233 _bRUS _dK |
| 100 | 0 |
_aRuslan Ngah, _d1972- _eauthor |
|
| 245 | 1 | 0 | _aSemangat anak merdeka |
| 264 | 1 |
_aMelaka : _bA Two Z Edulink , _c2007 |
|
| 300 |
_a67 pages : _billustrations ; _c21 cm |
||
| 336 |
_2rdacontent _atext |
||
| 337 |
_2rdamedia _aunmediated |
||
| 338 |
_2rdacarrier _avolume |
||
| 490 | 1 | _aSiri modal insan | |
| 500 | _aIncludes questions | ||
| 650 | 1 | 0 | _aChildren's stories, Malay. ; Malay fiction. |
| 830 | 0 | _aSiri modal insan | |
| 942 |
_ddc _cB |
||
| 999 |
_c133765 _d133765 |
||